000 00523nam a2200181Ia 4500
005 20250326142918.0
008 250326s9999 xx 000 0 und d
037 _aTextbook
040 _aFMSL
_beng
_cFMSL
041 _aeng
_2eng
084 _aV:19.42 P2
_qFMSL
100 _aInoguchi T
_9660331
245 0 _aJapan's Asian Policy:revival and response
_cInoguchi T
260 _aNew York
_bNew York, Palgrave Macmillan
_c2002
300 _avii,261
942 _cTB
_hV:19.42 P2
999 _c1297225
_d1297225